| 000 | 01315nam a22003617a 4500 | ||
|---|---|---|---|
| 003 | CHAP | ||
| 005 | 20220329135610.0 | ||
| 008 | 971013s1995 r 00010 d | ||
| 010 | _a39124 | ||
| 011 | _a40096 | ||
| 035 | _a44221 | ||
| 040 | _cCHAP | ||
| 090 | _aTesis | ||
| 100 | 0 | 0 |
_aCastro López, Miguel. _920386 |
| 245 |
_aEstudio de fechas de siembra y variedades de colza _c/ canola (Brassica napus L. y B. campestris L.) bajo condiciones de temporal y riego en la Comarca Lagunera |
||
| 260 |
_aBermejillo, Dgo. : _bEl autor, _c1995 |
||
| 300 | _a96 h. | ||
| 502 | _aTesis (Ing. Agr. Esp. en Zonas Aridas) -- UACH. Departamento de Zonas Aridas | ||
| 590 |
_aALEPH _b10 _c20130110 _lUCH01 _h1306 |
||
| 590 |
_aBATCH-UPD _b10 _c20130110 _lUCH01 _h0118 |
||
| 590 |
_aBATCH-UPD _b10 _c20130110 _lUCH01 _h1032 |
||
| 590 |
_aBATCH-UPD _b10 _c20130410 _lUCH01 _h0635 |
||
| 590 |
_aBATCH-UPD _b10 _c20130914 _lUCH01 _h2055 |
||
| 590 |
_aCONVERSION _b10 _c20130109 _lUCH01 _h1322 |
||
| 650 | 1 | 4 |
_aAgricultura de temporal. _91999 |
| 650 | 1 | 4 |
_aColza _xComarca Lagunera. _925501 |
| 650 | 1 | 4 |
_aColza _xFechas de siembra. _925506 |
| 650 | 1 | 4 |
_aColza _xVariedades. _925515 |
| 901 | _aBK | ||
| 942 | _cFOLL | ||
| 949 |
_bBC _cTES _d-101297 _eTS1 _h27569 _i44221 _si |
||
| 949 |
_bBC _cTES _d33724000005872 _eTS2 _fc.2 _h27570 _i44221 _si |
||
| 999 |
_c39124 _d39124 |
||